000
00218nam a2200109Ia 4500
008
190216s9999||||xx |||||||||||||| ||und||
100
_a
Kaur H
245
0
_a
Europe
260
_b
Null
650
_a
History
942
_c
BK
999
_c
20371
_d
20371